Uttar-pub bharatar samajtattvik adhyayan (Record no. 168)

MARC details
000 -LEADER
fixed length control field 00489cam a2200181ua 4500
008 - FIXED-LENGTH DATA ELEMENTS--GENERAL INFORMATION
fixed length control field 110323n ii |||gr||||Z||||||asm
040 ## - CATALOGING SOURCE
Transcribing agency MAIN
082 ## - DEWEY DECIMAL CLASSIFICATION NUMBER
Classification number 301.095416
100 ## - MAIN ENTRY--PERSONAL NAME
Personal name Doley, Durgeswer,
Relator term
245 1# - TITLE STATEMENT
Title Uttar-pub bharatar samajtattvik adhyayan
Statement of responsibility, etc. by Durgeswer Doley
250 ## - EDITION STATEMENT
Edition statement 1st.
260 ## - PUBLICATION, DISTRIBUTION, ETC.
Place of publication, distribution, etc. Dibrugarh:
Name of publisher, distributor, etc. Kaustubh prakashan,
Date of publication, distribution, etc. 2003.
300 ## - PHYSICAL DESCRIPTION
Extent 138p.:0cm.
942 ## - ADDED ENTRY ELEMENTS (KOHA)
Koha item type Books
653 ## - INDEX TERM--UNCONTROLLED
Uncontrolled term Sociology
653 ## - INDEX TERM--UNCONTROLLED
Uncontrolled term Sociological study on North-east India
Holdings
Withdrawn status Lost status Damaged status Not for loan Home library Current library Shelving location Date acquired Total Checkouts Full call number Barcode Date last seen Date last checked out Copy number Price effective from Koha item type
        Central Library, Naharkatiya College Central Library, Naharkatiya College General Stacks 19/09/2020 1 301.095416 | DOL 18625 13/03/2025 21/02/2025 5 19/09/2020 Books
        Central Library, Naharkatiya College Central Library, Naharkatiya College General Stacks 19/09/2020   301.095416 | DOL 18626 19/09/2020   6 19/09/2020 Books
        Central Library, Naharkatiya College Central Library, Naharkatiya College General Stacks 19/09/2020   301.095416 | DOL 19008 19/09/2020   2 19/09/2020 Books
        Central Library, Naharkatiya College Central Library, Naharkatiya College General Stacks 19/09/2020   301.095416 | DOL 19009 19/09/2020   3 19/09/2020 Books
        Central Library, Naharkatiya College Central Library, Naharkatiya College General Stacks 19/09/2020   301.095416 | DOL 19010 19/09/2020   1 19/09/2020 Books
        Central Library, Naharkatiya College Central Library, Naharkatiya College General Stacks 19/09/2020   301.095416 | DOL 19011 19/09/2020   4 19/09/2020 Books

Naharkatiya College © 2020. All rights reserved.

Powered By